| 000 | 00936nam a22002657a 4500 | ||
|---|---|---|---|
| 005 | 20170512155803.0 | ||
| 010 | _aENG-109025 | ||
| 020 |
_a9788120347441 _c495.00 |
||
| 035 | _aEN-92558 | ||
| 035 | _aB-536864-868 | ||
| 035 | _aB-663822 | ||
| 037 | _bDBAD/PUB | ||
| 037 |
_bBookwell _adpl |
||
| 037 |
_bUBH/Ven _adpl |
||
| 082 | _a519.6 | ||
| 100 | _aRaju, N. V. S. | ||
| 245 |
_aOptimization methods for engineers / _cby N. V. S. Raju |
||
| 260 |
_aNew Delhi _bPHI Learning _c2014 |
||
| 270 |
_aRimjhim House,111, Patparganj Industrial Estate, _bNew Delhi _e110092 |
||
| 300 |
_axx,596p. : _c24cm(pbk) _bill. |
||
| 500 | _a Includes index | ||
| 942 |
_2ddc _cEN _mRAJ _h519.6 |
||
| 999 |
_c81539 _d81539 |
||